Comex (Registro nro. 8776)

Detalles MARC
000 -LEADER
fixed length control field 00782nas a2200253 454500
001 - CONTROL NUMBER
control field 36056
005 - DATE AND TIME OF LATEST TRANSACTION
control field 20260407193509.0
008 - FIXED-LENGTH DATA ELEMENTS--GENERAL INFORMATION
fixed length control field 260407s1977####ag###########|||spa#d
003 - CONTROL NUMBER IDENTIFIER
control field AR-UNSa-BCEJYS
040 ## - CATALOGING SOURCE
Original cataloging agency AR-UNSa-BCEJYS
Language of cataloging spa
Transcribing agency AR-UNSa-BCEJYS
080 ## - UNIVERSAL DECIMAL CLASSIFICATION NUMBER
Universal Decimal Classification number 339.5
Common auxiliary subdivision Comercio exterior. Comercio Internacional
022 ## - INTERNATIONAL STANDARD SERIAL NUMBER
International Standard Serial Number 0325-2574
041 ## - LANGUAGE CODE
Language code of text/sound track or separate title spa
100 1# - MAIN ENTRY--PERSONAL NAME
Personal name Reyna, Rodolfo
245 10 - TITLE STATEMENT
Title Comex
Name of part/section of a work Semanario de comercio exterior
264 #1 - PRODUCTION, PUBLICATION, DISTRIBUTION, MANUFACTURE, AND COPYRIGHT NOTICE
Place of production, publication, distribution, manufacture Buenos Aires :
Name of producer, publisher, distributor, manufacturer COMEX
Date of production, publication, distribution, manufacture, or copyright notice 1977
310 ## - CURRENT PUBLICATION FREQUENCY
Current publication frequency Frecuencia: Semanal
590 ## - LOCAL NOTE (RLIN)
Local note niveau_biblio:s niveau_hierar:1
650 ## - SUBJECT ADDED ENTRY--TOPICAL TERM
Topical term or geographic name entry element COMERCIO EXTERIOR
650 ## - SUBJECT ADDED ENTRY--TOPICAL TERM
Topical term or geographic name entry element ECONOMIA INTERNACIONAL
650 ## - SUBJECT ADDED ENTRY--TOPICAL TERM
Topical term or geographic name entry element EXPORTACIONES
856 41 - ELECTRONIC LOCATION AND ACCESS
Uniform Resource Identifier <a href="https://biblioeco.unsa.edu.ar/pmb/images/revistas/comex.jpg">https://biblioeco.unsa.edu.ar/pmb/images/revistas/comex.jpg</a>
Link text Imagen de portada
Electronic format type image/jpeg
942 ## - ADDED ENTRY ELEMENTS (KOHA)
Koha item type
Existencias
Withdrawn status Lost status Damaged status Not for loan Home library Current library Shelving location Date acquired Serial enumeration / chronology Total checkouts Full call number Barcode Date last seen Price effective from Koha item type
        Biblioteca Prof. Eusebio Cleto del Rey Biblioteca Prof. Eusebio Cleto del Rey   06/08/1979 Año VI, Nº 290/4 - ago. 1979   H339.5 SEM 290/4 R18501 10/04/2026 10/04/2026 Numero
        Biblioteca Prof. Eusebio Cleto del Rey Biblioteca Prof. Eusebio Cleto del Rey   29/01/1979 Año VI, Nº 262/6 - ene. 1979   H339.5 SEM 262/6 R18500 10/04/2026 10/04/2026 Numero
        Biblioteca Prof. Eusebio Cleto del Rey Biblioteca Prof. Eusebio Cleto del Rey   26/12/1978 Año VI, Nº 260/1 - dic. 1978   H339.5 SEM 260/1 R18499 10/04/2026 10/04/2026 Numero
        Biblioteca Prof. Eusebio Cleto del Rey Biblioteca Prof. Eusebio Cleto del Rey   18/12/1978 Año V, Nº 256/9 - dic. 1978   H339.5 SEM 256/9 R18498 10/04/2026 10/04/2026 Numero
        Biblioteca Prof. Eusebio Cleto del Rey Biblioteca Prof. Eusebio Cleto del Rey   06/11/1978 Año V, Nº 252/253 - nov. 1978   H339.5 SEM 252/253 R18497 10/04/2026 10/04/2026 Numero
        Biblioteca Prof. Eusebio Cleto del Rey Biblioteca Prof. Eusebio Cleto del Rey   23/10/1978 Año V, Nº 249/50/51 - oct. 1978   H339.5 SEM 249/50/51 R18496 10/04/2026 10/04/2026 Numero
        Biblioteca Prof. Eusebio Cleto del Rey Biblioteca Prof. Eusebio Cleto del Rey   18/09/1978 Año V, Nº 245/246 - sep. 1978   H339.5 SEM 245/246 R18495 10/04/2026 10/04/2026 Numero
        Biblioteca Prof. Eusebio Cleto del Rey Biblioteca Prof. Eusebio Cleto del Rey   24/07/1978 Año V, Nº 237/238 - jul. 1978   H339.5 SEM 237/238 R18494 10/04/2026 10/04/2026 Numero
        Biblioteca Prof. Eusebio Cleto del Rey Biblioteca Prof. Eusebio Cleto del Rey   12/06/1978 Año V, Nº 231/232 - jun. 1978   H339.5 SEM 231/232 R18493 10/04/2026 10/04/2026 Numero
        Biblioteca Prof. Eusebio Cleto del Rey Biblioteca Prof. Eusebio Cleto del Rey   29/05/1978 Año V, Nº 229/230 - mayo 1978   H339.5 SEM 229/230 R18492 10/04/2026 10/04/2026 Numero
        Biblioteca Prof. Eusebio Cleto del Rey Biblioteca Prof. Eusebio Cleto del Rey   15/05/1978 Año V, Nº 227/228 - mayo 1978   H339.5 SEM 227/228 R18491 10/04/2026 10/04/2026 Numero
        Biblioteca Prof. Eusebio Cleto del Rey Biblioteca Prof. Eusebio Cleto del Rey   20/03/1978 Año V, Nº 219/20 - mar. 1978   H339.5 SEM 219/20 R18490 10/04/2026 10/04/2026 Numero
        Biblioteca Prof. Eusebio Cleto del Rey Biblioteca Prof. Eusebio Cleto del Rey   06/02/1978 Año V, Nº 213/14 - feb. 1978   H339.5 SEM 213/14 R18489 10/04/2026 10/04/2026 Numero
        Biblioteca Prof. Eusebio Cleto del Rey Biblioteca Prof. Eusebio Cleto del Rey   12/12/1977 Año IV, Nº 204/5/6 - dic. 1977   H339.5 SEM 204/5/6 R18471 10/04/2026 10/04/2026 Numero